Countries with Manatees - Statistics

General Stats
  • This quiz has been taken 47 times
  • The average score is 39 of 46
Answer Stats
Continent Country % Correct
North America Mexico
100%
North America United States
100%
South America Brazil
97%
South America Peru
97%
South America Colombia
95%
South America Venezuela
95%
North America Costa Rica
92%
North America Cuba
92%
Africa Democratic Republic of the Congo
89%
South America Ecuador
89%
South America Guyana
89%
North America Haiti
89%
Africa Niger
89%
Africa Nigeria
89%
North America Panama
89%
Africa Republic of the Congo
89%
North America Bahamas
87%
North America Dominican Republic
87%
South America (Territory-Owner) France
87%
Africa Ghana
87%
North America Honduras
87%
Africa Ivory coast
87%
South America Suriname
87%
North America Belize
84%
North America Guatemala
84%
Africa Guinea
84%
North America Jamaica
84%
North America Nicaragua
84%
Africa Angola
82%
Africa Benin
82%
South America Bolivia
82%
Africa Cameroon
82%
Africa Equatorial Guinea
82%
Africa Gabon
82%
Africa Senegal
82%
North America Trinidad and Tobago
82%
Africa Guinea-Bissau
79%
Africa Liberia
79%
Africa The Gambia
79%
Africa Togo
79%
North America (Territory-Owner) United Kingdom
79%
Africa Mauritania
76%
North America (Territory-Owner) Netherlands
76%
Africa Mali
74%
Africa Sierra Leone
74%
Africa São Tomé and Principe
68%
No matching quizzes found
Score Distribution
Percent of People with Each Score
Percentile by Number Answered
Your Score History
You have not taken this quiz